[Event "Pula Open 2015"]
[Site "Pula HRV"]
[Date "2015.06.20"]
[Round "9"]
[White "Konic, Zlatko"]
[Black "Lange, David"]
[Result "1-0"]
[WhiteElo "2079"]
[BlackElo "1938"]
[PlyCount "149"]

1. Nf3 Nf6 2. c4 g6 3. Nc3 Bg7 4. d4 d5 5. cxd5 Nxd5 6. e4 Nxc3 7. bxc3 O-O 8.
Be3 c5 9. Qd2 Qa5 10. Rc1 Nd7 11. d5 Nb6 12. Bh6 Bd7 13. Bxg7 Kxg7 14. h4 f6
15. h5 Rh8 16. Be2 Bb5 17. c4 Qxd2+ 18. Nxd2 Bd7 19. Rb1 Rab8 20. h6+ Kf7 21.
f4 Rhd8 22. g4 e6 23. g5 fxg5 24. fxg5 Ke7 25. Bd3 Rf8 26. Ke2 Rf4 27. Rhf1
Rbf8 28. Ke3 Rxf1 29. Bxf1 e5 30. Be2 Rf4 31. Rb3 Kd6 32. Ra3 Nc8 33. Rb3 Nb6
34. Rb1 Ke7 35. Rf1 Rxf1 36. Nxf1 Nc8 37. Nh2 Nd6 38. Bg4 Nxc4+ 39. Kf3 Nd6 40.
Bxd7 Kxd7 41. Ng4 Nf7 42. Nf6+ Ke7 43. Nxh7 b5 44. Ke3 c4 45. Kd2 b4 46. Kc2 a5
47. Kb2 a4 48. Kb1 a3 49. Nf6 Nxg5 50. h7 Nf7 51. Ng4 Kd6 52. Ne3 Ke7 53. Nxc4
Kf6 54. d6 Kg7 55. d7 Kxh7 56. Nxe5 Nd8 57. Kc2 Kg7 58. Kb3 Kf6 59. Nf3 Ke6 60.
Kxb4 Nc6+ 61. Kxa3 Kxd7 62. Ka4 Kd6 63. Kb5 Na7+ 64. Kc4 Nc6 65. a4 Na5+ 66.
Kb5 Nc6 67. Kb6 Nb8 68. a5 Nd7+ 69. Kb5 Nc5 70. a6 Ne6 71. Kb6 Nc7 72. a7 Na8+
73. Kb7 Nc7 74. e5+ Kd7 75. e6+ 1-0

[Event "Knut Bøckmans Pinsecup 2015"]
[Site "Oslo NOR"]
[Date "2015.05.22"]
[Round "1"]
[White "Thorvaldsen, Thomas"]
[Black "Nesheim, Mathias"]
[Result "0-1"]
[WhiteElo "1073"]
[BlackElo "1518"]
[PlyCount "56"]
[EventDate "2015.05.22"]

1. e4 e6 2. d4 d5 3. e5 c5 4. c3 Nc6 5. Nf3 Bd7 6. Be3 Qb6 7. Qc2 Rc8 8. Qb3
Qc7 9. Nbd2 Nge7 10. Be2 Nf5 11. O-O Be7 12. Qd1 O-O 13. Bd3 Nxe3 14. fxe3 f6
15. exf6 Rxf6 16. Qc2 h6 17. Rf2 cxd4 18. exd4 Nxd4 19. Nxd4 Rxf2 20. Kxf2 Bc5
21. N2f3 e5 22. Qb3 Be6 23. Qa4 Rf8 24. Ke2 exd4 25. Nxd4 Bg4+ 26. Ke1 Qxh2 27.
Kd2 Qxg2+ 28. Ke3 Rf3# 0-1

[Event "Knut Bøckmans Pinsecup 2015"]
[Site "Oslo NOR"]
[Date "2015.05.22"]
[Round "1"]
[White "Leite, Steinar"]
[Black "Thorvaldsen, Idun"]
[Result "1-0"]
[WhiteElo "1602"]
[BlackElo "1038"]
[PlyCount "99"]
[EventDate "2015.05.22"]

1. e4 c5 2. Nf3 d6 3. Bb5+ Bd7 4. Bxd7+ Qxd7 5. c4 Nc6 6. O-O Nf6 7. d3 e5 8.
Ne1 Be7 9. Nc3 a6 10. f4 h6 11. f5 Nd4 12. Be3 b5 13. b3 Rb8 14. h3 bxc4 15.
dxc4 Qc6 16. Qd3 Kd7 17. Nc2 Rbg8 18. Bd2 g6 19. Ne3 h5 20. Ned5 gxf5 21. Nxf6+
Bxf6 22. Nd5 fxe4 23. Nxf6+ Kd8 24. Qxe4 Qxe4 25. Nxe4 Ke7 26. Bg5+ Ke6 27.
Rf6+ Ke7 28. Rg6+ f6 29. Bxf6+ Kf7 30. Rxg8 Rxg8 31. Rf1 Ke6 32. Bh4 Ne2+ 33.
Kh2 Nf4 34. g3 Ng6 35. Rf6+ Ke7 36. Rxg6+ Kf7 37. Rxg8 Kxg8 38. Nxd6 Kg7 39.
Kg2 Kg6 40. Kf3 Kg7 41. Ke4 Kg6 42. Kxe5 Kg7 43. Kf5 a5 44. Bf6+ Kf8 45. Kg6 h4
46. g4 Kg8 47. Be7 Kh8 48. Nf7+ Kg8 49. Nh6+ Kh8 50. Bf6# 1-0

[Event "Knut Bøckmans Pinsecup 2015"]
[Site "Oslo NOR"]
[Date "2015.05.23"]
[Round "2"]
[White "Thorvaldsen, Idun"]
[Black "Wanvik, Tim"]
[Result "1-0"]
[WhiteElo "1038"]
[BlackElo "1058"]
[Annotator "Thorvaldsen,Idun"]
[PlyCount "61"]
[EventDate "2015.05.22"]

1. d4 Nf6 2. c4 g6 3. Nc3 d6 4. e4 Bg7 5. Nf3 O-O 6. h3 c5 7. d5 Nbd7 8. Be2
Nb6 9. Qc2 Bd7 10. Rb1 Qc7 11. O-O a6 12. Bg5 Rfe8 13. Bf4 Rab8 14. Nd2 Nc8 15.
b4 Na7 $4 16. bxc5 Qxc5 $4 17. Be3 Qa3 18. Bxa7 Ra8 19. Be3 (19. Rxb7 Bc8 20.
Rb3 Qxb3 21. axb3) 19... Nh5 20. Rb3 $1 Qa5 21. Bb6 $3 {Damen er fanget.} Bxc3
22. Bxa5 Bxa5 23. Rxb7 Bc8 24. Rb3 Nf4 25. Nf3 Bd7 26. Rb2 (26. Rb7 {er bedre.}
) 26... Rab8 27. Rxb8 Rxb8 28. Kh2 Rb4 29. Qd2 e5 30. dxe6 Nxe2 31. exd7 1-0

[Event "Knut Bøckmans Pinsecup 2015"]
[Site "Oslo NOR"]
[Date "2015.05.23"]
[Round "2"]
[White "Langvik, Ulrikke"]
[Black "Thorvaldsen, Thomas"]
[Result "1-0"]
[WhiteElo "1255"]
[BlackElo "1073"]
[PlyCount "63"]
[EventDate "2015.05.22"]

1. e4 e5 2. Nf3 Nc6 3. Bc4 Nf6 4. d3 Bc5 5. c3 d6 6. Nbd2 O-O 7. Nf1 Be6 8. Bb5
a6 9. Ba4 Ne7 10. Ng3 b5 11. Bc2 c6 12. O-O Ng6 13. Be3 Bb6 14. Qd2 Rc8 15. Bg5
h6 16. Be3 d5 17. d4 Bc7 18. b3 exd4 19. Nxd4 Bxg3 20. fxg3 dxe4 21. Rae1 Bd5
$2 22. Nf5 Ng4 $2 23. Bc5 Re8 24. Nd6 e3 $4 25. Qe2 Qg5 $2 26. Nxc8 Rxc8 27.
Rf5 Qd8 28. Qxg4 Be6 29. Be4 Ne5 30. Qf4 Bxf5 31. Bxf5 Rc7 32. Qxe5 1-0

[Event "Knut Bøckmans Pinsecup 2015"]
[Site "Oslo NOR"]
[Date "2015.05.23"]
[Round "3"]
[White "Pedersen, Helge F."]
[Black "Thorvaldsen, Idun"]
[Result "0-1"]
[WhiteElo "1020"]
[BlackElo "1038"]
[Annotator "Thorvaldsen,Idun"]
[PlyCount "64"]
[EventDate "2015.05.22"]

1. e4 c5 2. Nf3 d6 3. d4 cxd4 4. Nxd4 Nc6 5. Nc3 Nf6 6. Bg5 e6 7. Nxc6 bxc6 8.
e5 Qa5 9. Bxf6 gxf6 10. exf6 Qe5+ 11. Be2 Qxf6 12. Bf3 d5 13. a3 Bc5 14. O-O
Bd4 15. Rb1 Ke7 16. Na4 Ba6 17. Re1 Rag8 18. g3 h5 19. c3 Be5 20. Nc5 Bc8 21.
Bxh5 Qg5 (21... Bd6 {vinner offiser.}) 22. Bf3 Bd6 23. Nd3 Qh4 24. Bg2 Qxh2+
25. Kf1 Bxg3 26. fxg3 Qxg3 $2 {Burde slå med tårn isteden. Vinner veldig raskt.
} (26... Rxg3 27. Re2 Ba6 28. Rf2 Bxd3+ 29. Qxd3 Rxd3) 27. Qf3 Ba6 28. Re3 Qg6
$2 (28... Rh1+ 29. Bxh1 Qg1+ 30. Ke2 Qxb1) 29. Kf2 Bxd3 30. Rxd3 Rh5 31. Bh3 e5
32. Qh1 Qxd3 0-1

[Event "Åpent sjakk-NM 2015"]
[Site "Fagernes, Oppland NOR"]
[Date "2015.03.29"]
[Round "1"]
[White "Thorvaldsen, Thomas"]
[Black "Lundberg, Alf W"]
[Result "0-1"]
[WhiteElo "1006"]
[BlackElo "1707"]
[PlyCount "74"]
[EventDate "2015.03.29"]

1. e4 c5 2. Nf3 d6 3. c3 Nf6 4. Qc2 Bg4 5. Be2 Nc6 6. h3 Bh5 7. d3 e6 8. Be3
Be7 9. Nbd2 Qc7 10. Nb3 O-O 11. Rd1 Bg6 12. Nh4 Ne5 13. Nxg6 Nxg6 14. Rc1 d5
15. exd5 exd5 16. O-O Nf4 17. Bf3 Rad8 18. g3 Ne6 19. Bg2 Nh5 20. Bf3 Nf6 21.
Bg2 Qe5 22. Rfe1 Qh5 23. Qe2 Qg6 24. d4 b6 25. Qa6 Rd7 26. a4 Nh5 27. a5 Rb8
28. Bxd5 Rxd5 29. Qxa7 Bd6 30. axb6 Nxg3 31. fxg3 Qxg3+ 32. Kf1 c4 33. Nd2 Qh2
34. Bf2 Rf5 35. Ne4 Nf4 36. Re3 Qh1+ 37. Bg1 Qg2+ 0-1

[Event "Åpent sjakk-NM 2015"]
[Site "Fagernes, Oppland NOR"]
[Date "2015.03.29"]
[Round "1"]
[White "Thorvaldsen, Idun"]
[Black "Engevik, Bjarne J."]
[Result "0-1"]
[WhiteElo "1001"]
[BlackElo "1647"]
[PlyCount "98"]
[EventDate "2015.03.29"]

1. d4 Nf6 2. c4 e6 3. Nc3 d5 4. Bg5 Be7 5. Nf3 O-O 6. e3 b6 7. Bxf6 Bxf6 8. Qc2
dxc4 9. Bxc4 Bb7 10. Be2 Nc6 11. a3 Ne7 12. Ne4 Nd5 13. O-O Rc8 14. Bd3 Be7 15.
b4 f5 16. Ned2 c5 17. Qb3 cxb4 18. axb4 Rc3 19. Qb1 Nxb4 20. Bc4 Bd5 21. Bxd5
Nxd5 22. Rxa7 Qb8 23. Qa1 Rfc8 24. Ne5 R3c7 25. Ra6 Bb4 26. Ndc4 Bc3 27. Qa4 b5
28. Qa3 Bb4 29. Qa2 bxc4 30. Rxe6 Qb5 31. Rc1 c3 32. Rb6 Qxb6 33. Qxd5+ Kh8 34.
Nf7+ Rxf7 35. Qxf7 Qb5 36. Qe6 Qc4 37. Qxf5 c2 38. h3 Ba3 39. Rxc2 Qxc2 40.
Qxc2 Rxc2 41. g4 g5 42. Kg2 Kg7 43. Kg3 Bd6+ 44. Kf3 Kf6 45. e4 Rc3+ 46. Ke2
Rxh3 47. e5+ Bxe5 48. dxe5+ Kxe5 49. f3 Kf4 0-1

[Event "Åpent sjakk-NM 2015"]
[Site "Fagernes, Oppland NOR"]
[Date "2015.03.30"]
[Round "2"]
[White "Jacobsen, Fredrik Beer"]
[Black "Taranger, Rune"]
[Result "1-0"]
[WhiteElo "2015"]
[BlackElo "1572"]
[PlyCount "119"]
[EventDate "2015.03.29"]

1. e4 d5 2. exd5 Qxd5 3. Nc3 Qa5 4. g3 Nf6 5. Bg2 c6 6. Nge2 Bf5 7. O-O e6 8.
d4 Bd6 9. Bf4 Bxf4 10. Nxf4 Nbd7 11. Re1 O-O 12. h3 e5 13. dxe5 Nxe5 14. g4 Ng6
15. Nfe2 Rad8 16. Qc1 Be6 17. Qe3 Rfe8 18. Qg3 Bc4 19. Nf4 Qc7 20. Nxg6 Qxg3
21. fxg3 hxg6 22. b3 Rxe1+ 23. Rxe1 Be6 24. Re2 Kf8 25. Kf2 Rd7 26. Na4 Bd5 27.
Nc5 Rc7 28. c4 Bxg2 29. Kxg2 b6 30. g5 Nh7 31. Ne4 Re7 32. Kf3 f5 33. gxf6 gxf6
34. g4 Ng5+ 35. Nxg5 fxg5 36. Rd2 Rf7+ 37. Kg3 c5 38. Rd5 Kg7 39. Rxg5 Kh6 40.
Rd5 Kg7 41. Rd3 g5 42. h4 gxh4+ 43. Kxh4 Kg6 44. Rd6+ Kg7 45. Kg5 Re7 46. Kf5
Kf7 47. g5 Kg7 48. Re6 Rd7 49. Ke5 Kf7 50. Rh6 Kg7 51. Rd6 Rf7 52. Rf6 Re7+ 53.
Re6 Rd7 54. g6 Kh6 55. Kf6 Rg7 56. Kf5 Rg8 57. Re7 Rxg6 58. Rxa7 Rg5+ 59. Ke4
Rg6 60. Kd5 1-0

[Event "Åpent sjakk-NM 2015"]
[Site "Fagernes, Oppland NOR"]
[Date "2015.03.30"]
[Round "2"]
[White "Olsen, William Sandberg"]
[Black "Thorvaldsen, Thomas"]
[Result "1-0"]
[WhiteElo "1505"]
[BlackElo "1006"]
[PlyCount "69"]
[EventDate "2015.03.29"]

1. d4 Nf6 2. c4 g6 3. Nf3 Bg7 4. Nc3 O-O 5. e4 d6 6. Bd3 Nbd7 7. O-O Re8 8. Be3
e5 9. d5 c6 10. Rc1 cxd5 11. cxd5 b6 12. Nb5 Nc5 13. b4 Na6 14. a3 Bb7 15. Rc4
Re7 16. Qc2 Nxd5 17. exd5 Bxd5 18. Rh4 Nc7 19. Qb1 f5 20. Bg5 e4 21. Bxe7 Qxe7
22. Re1 Qd8 23. Nxc7 Qxc7 24. Rc1 Qd8 25. Bc4 Bxc4 26. Rxc4 d5 27. Rc1 exf3 28.
Rh3 fxg2 29. Qd3 Kh8 30. Qg3 Kg8 31. Qb3 Kh8 32. Rd1 d4 33. Rdd3 Rc8 34. Rxh7+
Kxh7 35. Rh3+ 1-0

[Event "Åpent sjakk-NM 2015"]
[Site "Fagernes, Oppland NOR"]
[Date "2015.03.30"]
[Round "2"]
[White "Wærstad, Leif E"]
[Black "Thorvaldsen, Idun"]
[Result "1-0"]
[WhiteElo "1378"]
[BlackElo "1001"]
[PlyCount "67"]
[EventDate "2015.03.29"]

1. d4 Nf6 2. Nf3 e6 3. c4 d5 4. Nc3 c6 5. Bg5 Be7 6. e3 Nbd7 7. Bd3 dxc4 8.
Bxc4 b5 9. Bd3 O-O 10. O-O Bb7 11. Rc1 a6 12. e4 Rc8 13. Bxf6 Nxf6 14. e5 Nd5
15. Ne4 f5 16. exf6 Bxf6 17. Nc5 Qe7 18. Re1 Nf4 19. Bf5 Bg5 20. Nxg5 Qxg5 21.
Bxe6+ Kh8 22. g3 Rce8 23. Re5 Nh3+ 24. Bxh3 Rxe5 25. dxe5 Bc8 26. Bxc8 Rxc8 27.
f4 Qe7 28. Qd6 Qf7 29. e6 Qf6 30. Rd1 Re8 31. Qxc6 Rd8 32. Rxd8+ Qxd8 33. Qd7
Qb6 34. Qe8# 1-0

[Event "Åpent sjakk-NM 2015"]
[Site "Fagernes, Oppland NOR"]
[Date "2015.03.31"]
[Round "3"]
[White "Taranger, Rune"]
[Black "Gaure, Sigurd Lauvås"]
[Result "1-0"]
[WhiteElo "1572"]
[BlackElo "917"]
[PlyCount "39"]
[EventDate "2015.03.29"]

1. e4 c5 2. Nc3 d6 3. f4 Nc6 4. Nf3 Qc7 5. Bc4 Nf6 6. O-O e5 7. d3 Be6 8. Bxe6
fxe6 9. Ng5 Qd7 10. f5 exf5 11. Rxf5 d5 12. Rxf6 gxf6 13. Qh5+ Kd8 14. Nf7+ Kc7
15. Nxd5+ Kb8 16. Nxh8 Nd8 17. Be3 Kc8 18. Nxf6 Qg7 19. Qf5+ Kc7 20. Ne8+ 1-0

[Event "Åpent sjakk-NM 2015"]
[Site "Fagernes, Oppland NOR"]
[Date "2015.03.31"]
[Round "3"]
[White "Thorvaldsen, Idun"]
[Black "Shehzad, Shazil"]
[Result "1-0"]
[WhiteElo "1001"]
[BlackElo "912"]
[PlyCount "154"]
[EventDate "2015.03.29"]

1. d4 Nf6 2. c4 e6 3. Nc3 Bb4 4. Bg5 O-O 5. Nf3 d5 6. e3 b6 7. Bd3 dxc4 8. Bxc4
Nbd7 9. O-O a6 10. Rc1 Bb7 11. Be2 a5 12. Qc2 h6 13. Bh4 Rc8 14. a3 Be7 15. e4
c5 16. Qd3 cxd4 17. Nxd4 Nc5 18. Qe3 Ncxe4 19. Nxe4 Bxe4 20. Rxc8 Qxc8 21. Bxf6
Bxf6 22. Qxe4 Rd8 23. Rd1 Bxd4 24. Rxd4 Qc1+ 25. Bf1 Rxd4 26. Qxd4 Qc7 27. g3
f6 28. Bc4 Kf7 29. f4 Ke7 30. b3 Qc5 31. Qxc5+ bxc5 32. Kf2 Kd6 33. Ke3 e5 34.
Ke4 g6 35. f5 g5 36. Kf3 Ke7 37. Kg4 Kf8 38. Kh5 Kg7 39. h4 Kh7 40. hxg5 hxg5
41. Kg4 Kh6 42. Kh3 Kh5 43. g4+ Kh6 44. Kg2 Kg7 45. Kf3 Kf8 46. Ke4 Ke7 47. Kd5
e4 48. Kxc5 e3 49. Kb5 Kd6 50. Kxa5 Ke5 51. Kb6 Kf4 52. a4 Kxg4 53. a5 Kxf5 54.
a6 Kf4 55. a7 g4 56. a8=Q Kg3 57. Qe4 Kh3 58. Qxe3+ g3 59. Bf1+ Kg4 60. Kc5 f5
61. Be2+ Kh3 62. Kd4 Kh2 63. Ke5 g2 64. Qf4+ Kh3 65. Qxf5+ Kh2 66. Qh5+ Kg3 67.
Qf3+ Kh2 68. Qxg2+ Kxg2 69. b4 Kf2 70. b5 Kxe2 71. b6 Kd3 72. b7 Ke3 73. b8=Q
Kd3 74. Qb4 Ke3 75. Qc3+ Ke2 76. Kf4 Kf2 77. Qd2+ Kg1 1-0

[Event "Åpent sjakk-NM 2015"]
[Site "Fagernes, Oppland NOR"]
[Date "2015.03.31"]
[Round "4"]
[White "Pettersen, Joar Gullestad"]
[Black "Taranger, Rune"]
[Result "1-0"]
[WhiteElo "1931"]
[BlackElo "1572"]
[PlyCount "77"]
[EventDate "2015.03.29"]

1. Nf3 d5 2. c4 e6 3. b3 Nf6 4. g3 c6 5. Bg2 Bd6 6. Bb2 Nbd7 7. d4 O-O 8. O-O
Ne4 9. Nbd2 f5 10. Ne5 Nxd2 11. Qxd2 Nxe5 12. dxe5 Be7 13. Qc3 g5 14. Rfd1 Bd7
15. Rd3 Be8 16. Rc1 Bh5 17. Rd2 f4 18. cxd5 cxd5 19. Qc7 Qxc7 20. Rxc7 Bb4 21.
Bc3 Bxc3 22. Rxc3 fxg3 23. hxg3 Rac8 24. Rxc8 Rxc8 25. e4 dxe4 26. Bxe4 Rc7 27.
Kg2 Bg6 28. Bxg6 hxg6 29. Kh3 Kg7 30. Kg4 Kh6 31. Rd6 Re7 32. f3 Kg7 33. Kxg5
Kf7 34. f4 Kg7 35. g4 Kf7 36. a4 Kg7 37. Rd8 Kf7 38. Kh6 Rc7 39. Rh8 1-0

[Event "Åpent sjakk-NM 2015"]
[Site "Fagernes, Oppland NOR"]
[Date "2015.03.31"]
[Round "4"]
[White "Dybvik, Bjørn Noralf"]
[Black "Thorvaldsen, Idun"]
[Result "1/2-1/2"]
[WhiteElo "1283"]
[BlackElo "1001"]
[PlyCount "90"]
[EventDate "2015.03.29"]

1. c4 Nf6 2. Nc3 e6 3. d4 d5 4. e3 b6 5. Nf3 Bb7 6. Bd3 Nbd7 7. O-O dxc4 8.
Bxc4 a6 9. a3 Bd6 10. Re1 O-O 11. e4 Be7 12. Bg5 h6 13. Bh4 Re8 14. Qc2 Rc8 15.
Rad1 c5 16. dxc5 Rxc5 17. Bd3 Qc7 18. Qe2 Ne5 19. Nxe5 Qxe5 20. Bg3 Qg5 21. f4
Qh5 22. Bxa6 Qxe2 23. Bxe2 Nxe4 24. Bb5 Nxc3 25. Bxe8 Nxd1 26. Rxd1 Rd5 27.
Rxd5 exd5 28. Bf2 Bc5 29. b4 Bxf2+ 30. Kxf2 Kf8 31. Bb5 Ke7 32. g3 Ke6 33. Ke3
Kf5 34. Bd7+ Kg6 35. Kd4 Kh5 36. Be8 Kg6 37. a4 Kf6 38. a5 bxa5 39. bxa5 Ke6
40. Bb5 Kd6 41. h4 g6 42. Be2 h5 43. g4 hxg4 44. Bxg4 f5 45. Be2 Kc6 1/2-1/2

[Event "Åpent sjakk-NM 2015"]
[Site "Fagernes, Oppland NOR"]
[Date "2015.03.31"]
[Round "4"]
[White "Wærstad, Leif E"]
[Black "Thorvaldsen, Thomas"]
[Result "1/2-1/2"]
[WhiteElo "1378"]
[BlackElo "1006"]
[PlyCount "66"]
[EventDate "2015.03.29"]

1. d4 Nf6 2. Nf3 g6 3. g3 Bg7 4. Bg2 d5 5. Nbd2 O-O 6. O-O c6 7. c4 e6 8. b3 c5
9. Bb2 Nfd7 10. e3 Re8 11. Qc2 Nc6 12. Rac1 b6 13. Rfe1 Ba6 14. cxd5 Nb4 15.
Qb1 Nd3 16. dxe6 Rxe6 17. Nc4 Nxe1 18. Nxe1 Rc8 19. d5 Re7 20. Bxg7 Kxg7 21.
Qb2+ Kg8 22. d6 Re6 23. Rd1 Bxc4 24. bxc4 Qf6 25. Qd2 Nf8 26. Bh3 Rd8 27. Bxe6
Qxe6 28. Qd5 Qxd5 29. Rxd5 f5 30. f3 Kf7 31. e4 Ke6 32. Kf2 fxe4 33. fxe4 Rxd6
1/2-1/2

[Event "Åpent sjakk-NM 2015"]
[Site "Fagernes, Oppland NOR"]
[Date "2015.04.01"]
[Round "5"]
[White "Taranger, Rune"]
[Black "Ingebretsen, Jens E"]
[Result "1/2-1/2"]
[WhiteElo "1572"]
[BlackElo "1404"]
[PlyCount "80"]
[EventDate "2015.03.29"]

1. d4 d5 2. Bf4 Nf6 3. e3 Bf5 4. c4 c6 5. Nc3 e6 6. Qb3 Qc8 7. h3 dxc4 8. Bxc4
Nbd7 9. Nf3 Nb6 10. Be2 Be7 11. O-O h6 12. Rac1 O-O 13. Ne5 Ne4 14. Rfd1 Rd8
15. Bh2 c5 16. Nxe4 Bxe4 17. dxc5 Bd5 18. Qb5 Nd7 19. Rxd5 exd5 20. Bg4 a6 21.
Qe2 a5 22. Qb5 Ra6 23. Nxd7 Qc6 24. Qxc6 Rxc6 25. Ne5 Rxc5 26. Rxc5 Bxc5 27.
Nd3 Bd6 28. Bxd6 Rxd6 29. Kf1 Kf8 30. Ke2 Ke7 31. Kd2 b6 32. Bf3 d4 33. exd4
Rxd4 34. Kc3 Rd8 35. Kd2 g5 36. Ke3 f5 37. Ke2 f4 38. Kd2 h5 39. Ke2 Rh8 40.
Kd2 Kd6 1/2-1/2

[Event "Åpent sjakk-NM 2015"]
[Site "Fagernes, Oppland NOR"]
[Date "2015.04.01"]
[Round "5"]
[White "Thorvaldsen, Thomas"]
[Black "Dybvik, Bjørn Noralf"]
[Result "0-1"]
[WhiteElo "1006"]
[BlackElo "1283"]
[PlyCount "76"]
[EventDate "2015.03.29"]

1. e4 c6 2. Nf3 d5 3. Nc3 dxe4 4. Nxe4 Bf5 5. Ng3 Bg6 6. Ne5 Nd7 7. Nxg6 hxg6
8. Bc4 e6 9. d3 Bd6 10. Ne4 Bc7 11. Be3 Nh6 12. Qf3 Ne5 13. Qe2 Nf5 14. Bb3
Nxe3 15. fxe3 Qe7 16. O-O-O O-O-O 17. h4 Rxh4 18. Rxh4 Qxh4 19. Rf1 Bb6 20. Rf4
Qe7 21. d4 Nd7 22. Rxf7 Qh4 23. Bxe6 Qxe4 24. Re7 Qh4 25. Rxg7 Qf6 26. Bxd7+
Rxd7 27. Rxd7 Kxd7 28. Qg4+ Qe6 29. Qxe6+ Kxe6 30. Kd2 Kf5 31. c4 Kg4 32. d5
Kg3 33. e4 cxd5 34. cxd5 Bc7 35. Kd3 Be5 36. Kc4 b6 37. Kb5 Kxg2 38. Kc6 Kf3
0-1

[Event "Åpent sjakk-NM 2015"]
[Site "Fagernes, Oppland NOR"]
[Date "2015.04.02"]
[Round "6"]
[White "Dybvik, Bjørn Noralf"]
[Black "Taranger, Rune"]
[Result "1/2-1/2"]
[WhiteElo "1283"]
[BlackElo "1572"]
[PlyCount "82"]
[EventDate "2015.03.29"]

1. e4 d6 2. d4 Nf6 3. Nc3 g6 4. Nf3 Bg7 5. Bd3 O-O 6. O-O e5 7. d5 Ne8 8. Bg5
f6 9. Bh4 Qe7 10. Nd2 Qf7 11. f4 exf4 12. Rxf4 Bh6 13. Rf1 Nd7 14. Bg3 Ne5 15.
Nc4 Qe7 16. Nxe5 fxe5 17. Qe2 Rxf1+ 18. Rxf1 Ng7 19. Bf2 Qg5 20. Nd1 Bg4 21.
Qe1 Bxd1 22. Qxd1 Nh5 23. Kh1 Nf4 24. Bg3 Rf8 25. Qe1 Nxd3 26. Rxf8+ Kxf8 27.
cxd3 Qc1 28. Qxc1 Bxc1 29. b3 Be3 30. Be1 Ke8 31. g4 g5 32. Kg2 h6 33. Kf3 Bd4
34. Bd2 Ke7 35. h4 Kf6 36. h5 Ke7 37. Ba5 Kd7 38. Bd2 Ke7 39. Ba5 Kd7 40. Bd2
Ke8 41. Ba5 Kd7 1/2-1/2

[Event "Åpent sjakk-NM 2015"]
[Site "Fagernes, Oppland NOR"]
[Date "2015.04.02"]
[Round "6"]
[White "Shehzad, Kasher"]
[Black "Thorvaldsen, Idun"]
[Result "0-1"]
[WhiteElo "1315"]
[BlackElo "1001"]
[PlyCount "110"]
[EventDate "2015.03.29"]

1. Nf3 Nf6 2. Nc3 d5 3. d4 e6 4. Bf4 a6 5. e3 c5 6. Ne2 cxd4 7. Nexd4 Nc6 8.
Bd3 Bd6 9. Bg3 Nxd4 10. exd4 b5 11. Ne5 Qc7 12. Qf3 O-O 13. h4 h5 14. Qe2 Bb7
15. f3 Qa5+ 16. Kf2 Qb6 17. c3 Rac8 18. Bf4 Bxe5 19. Qxe5 Nd7 20. Qxh5 f5 21.
Rh3 Nf6 22. Qg6 e5 23. Bxe5 Ne4+ 24. Bxe4 Qxg6 25. Bd3 Qb6 26. Rg3 Rf7 27. Rg5
Qh6 28. Rh1 Re8 29. Bxf5 Rxe5 30. dxe5 Qb6+ 31. Kg3 Re7 32. Re1 b4 33. Rg6 Qc7
34. f4 bxc3 35. bxc3 Qxc3+ 36. Kf2 Qd2+ 37. Re2 Qxf4+ 38. Kg1 Qxf5 39. Rg5 Qf4
40. g3 Qd4+ 41. Kh2 Qd3 42. Rb2 Qc3 43. Re2 d4 44. Rf2 Bf3 45. Rf5 Bg4 46. R5f4
Be6 47. g4 Rf7 48. Rxf7 Bxf7 49. g5 d3 50. e6 Bxe6 51. g6 d2 52. Re2 Qh3+ 53.
Kg1 d1=Q+ 54. Kf2 Qf5+ 55. Kg3 Qxe2 0-1

[Event "Åpent sjakk-NM 2015"]
[Site "Fagernes, Oppland NOR"]
[Date "2015.04.02"]
[Round "6"]
[White "Shehzad, Shazil"]
[Black "Thorvaldsen, Thomas"]
[Result "1-0"]
[WhiteElo "912"]
[BlackElo "1006"]
[PlyCount "67"]
[EventDate "2015.03.29"]

1. e4 e6 2. d4 d5 3. exd5 exd5 4. Nc3 Nf6 5. Nf3 Nc6 6. Be2 Be7 7. O-O O-O 8.
Bf4 Be6 9. Nb5 Rc8 10. Re1 a6 11. Nc3 Bd6 12. Bxd6 Qxd6 13. a3 Ne4 14. Bd3 f5
15. Na4 b5 16. Nc5 Ra8 17. Nxe6 Qxe6 18. c3 Qf6 19. Qb3 Rad8 20. Bxe4 fxe4 21.
Rxe4 Na5 22. Qa2 Qg6 23. Re3 Nc4 24. Ne5 Qf5 25. Rf3 Qc2 26. b3 Qxa2 27. Rxa2
Rde8 28. Rxf8+ Kxf8 29. bxc4 dxc4 30. Re2 g6 31. Nd7+ Kf7 32. Rxe8 Kxe8 33. Nb8
a5 34. Nc6 1-0

[Event "Åpent sjakk-NM 2015"]
[Site "Fagernes, Oppland NOR"]
[Date "2015.04.03"]
[Round "7"]
[White "Thorvaldsen, Idun"]
[Black "Standal, Bård"]
[Result "0-1"]
[WhiteElo "1001"]
[BlackElo "1603"]
[PlyCount "56"]
[EventDate "2015.03.29"]

1. d4 Nf6 2. c4 g6 3. Nc3 Bg7 4. e4 d6 5. Nf3 O-O 6. Be2 Nbd7 7. O-O e5 8. h3
c6 9. d5 cxd5 10. cxd5 Nc5 11. Qc2 a5 12. Bg5 h6 13. Be3 b6 14. a3 a4 15. Nd2
Bd7 16. f4 Rc8 17. fxe5 dxe5 18. Nc4 Ne8 19. Bxc5 Rxc5 20. Nxa4 Rc8 21. Nc3 b5
22. Nd2 Nd6 23. Qb3 Qg5 24. Nxb5 Bxb5 25. Nf3 Qg3 26. Bxb5 Nxb5 27. Qxb5 Rc2
28. Rac1 Qxg2# 0-1

[Event "Åpent sjakk-NM 2015"]
[Site "Fagernes, Oppland NOR"]
[Date "2015.04.03"]
[Round "7"]
[White "Taranger, Rune"]
[Black "Mrachek, Svetlana"]
[Result "0-1"]
[WhiteElo "1572"]
[BlackElo "1325"]
[PlyCount "70"]
[EventDate "2015.03.29"]

1. d4 d5 2. Bf4 Nf6 3. e3 e6 4. c3 c5 5. Nd2 Nc6 6. Ngf3 a6 7. Bd3 cxd4 8. exd4
Bd6 9. Bg3 O-O 10. Ne5 Qc7 11. Ndf3 Ne4 12. Qc2 f5 13. Bf4 b5 14. a3 Na5 15.
Rb1 Nc4 16. Qe2 Nxa3 17. Rc1 Nc4 18. Nxc4 Bxf4 19. Ne3 Bd7 20. g3 Bd6 21. O-O
Be8 22. Nd2 Qe7 23. f3 Bh5 24. Qg2 Nxd2 25. Qxd2 Rf6 26. f4 Rh6 27. Bxf5 Rf8
28. Rfe1 Qf6 29. Bg4 Qg6 30. Bxh5 Rxh5 31. Nc2 Bxf4 32. Ne3 Bh6 33. Qe2 Qe4 34.
Qxh5 Bxe3+ 35. Rxe3 Qxe3+ 0-1

[Event "Åpent sjakk-NM 2015"]
[Site "Fagernes, Oppland NOR"]
[Date "2015.04.03"]
[Round "7"]
[White "Thorvaldsen, Thomas"]
[Black "Gaure, Sigurd Lauvås"]
[Result "1-0"]
[WhiteElo "1006"]
[BlackElo "917"]
[PlyCount "107"]
[EventDate "2015.03.29"]

1. d4 Nf6 2. c4 e6 3. Nf3 d5 4. Nc3 Bb4 5. Bg5 h6 6. Bh4 O-O 7. a3 Bxc3+ 8.
bxc3 Nbd7 9. e3 c6 10. Be2 dxc4 11. Bxc4 Qa5 12. Qb3 Ne4 13. Rc1 Nb6 14. Bd3
Nd6 15. Be7 Nb5 16. Bxf8 Kxf8 17. Qb4+ Qxb4 18. axb4 Nd5 19. Bxb5 cxb5 20. O-O
a5 21. bxa5 Rxa5 22. c4 bxc4 23. Ra1 Rb5 24. Rfb1 Rxb1+ 25. Rxb1 c3 26. Ne1 e5
27. Rb5 Be6 28. dxe5 Kg8 29. Rc5 b6 30. Rc6 b5 31. e4 Nf4 32. Kf1 Bc4+ 33. Kg1
Ne6 34. Nc2 Nf4 35. Na3 Ne2+ 36. Kh1 Nd4 37. Rc8+ Kh7 38. Nxc4 bxc4 39. Rxc4 c2
40. g3 Kg6 41. f4 f6 42. e6 f5 43. exf5+ Kf6 44. g4 g6 45. g5+ hxg5 46. fxg5+
Kg7 47. f6+ Kg8 48. Rc8+ Kh7 49. Rxc2 Nxc2 50. e7 Nd4 51. e8=Q Nf5 52. f7 Ne7
53. Qxe7 Kg7 54. f8=Q# 1-0

[Event "Åpent sjakk-NM 2015"]
[Site "Fagernes, Oppland NOR"]
[Date "2015.04.04"]
[Round "8"]
[White "Bue, Gunnar"]
[Black "Thorvaldsen, Idun"]
[Result "1-0"]
[WhiteElo "1487"]
[BlackElo "1001"]
[PlyCount "95"]
[EventDate "2015.03.29"]

1. d4 e6 2. c4 f5 3. Nf3 Nf6 4. e3 c6 5. Bd3 d5 6. O-O Bd6 7. cxd5 cxd5 8. b3
O-O 9. Bb2 Nbd7 10. Nc3 a6 11. Rc1 Qe8 12. Ne5 Nxe5 13. dxe5 Bxe5 14. f4 Bd6
15. Na4 Ne4 16. Nb6 Rb8 17. Bxe4 fxe4 18. Qd4 Qf7 19. Nc4 dxc4 20. Qxd6 Bd7 21.
Rxc4 Bb5 22. Rc7 Rbd8 23. Rxf7 Rxd6 24. Rxg7+ Kh8 25. Rg3+ e5 26. Bxe5+ Rff6
27. Rc1 Bc6 28. h3 Rde6 29. Rd1 Rxe5 30. fxe5 Re6 31. Rd8+ Be8 32. Rg5 h6 33.
Rf5 Kg7 34. Rd6 Rxd6 35. exd6 Bd7 36. Re5 Bc6 37. Re7+ Kf6 38. Kf2 a5 39. g4 b5
40. Kg3 Bd5 41. Kf4 a4 42. h4 axb3 43. axb3 Bxb3 44. Re5 Be6 45. Rxb5 Bd7 46.
Re5 Bxg4 47. Kxg4 Kxe5 48. d7 1-0

[Event "Åpent sjakk-NM 2015"]
[Site "Fagernes, Oppland NOR"]
[Date "2015.04.04"]
[Round "8"]
[White "Krogseth, Lars Martin"]
[Black "Taranger, Rune"]
[Result "1/2-1/2"]
[WhiteElo "1479"]
[BlackElo "1572"]
[PlyCount "53"]
[EventDate "2015.03.29"]

1. e4 d6 2. c3 Nf6 3. Nf3 c6 4. e5 dxe5 5. Nxe5 b6 6. Bc4 e6 7. O-O Bd6 8. f4
Qc7 9. d4 O-O 10. Nd2 Nd5 11. Ne4 Nd7 12. Nxd6 Qxd6 13. Qf3 a5 14. Re1 Bb7 15.
Bd3 g6 16. Nxd7 Qxd7 17. Qg3 Qc7 18. Qh4 c5 19. Re5 cxd4 20. cxd4 Nb4 21. Qg3
Nxd3 22. Qxd3 Bd5 23. Bd2 Qb7 24. Qg3 Rac8 25. Bc3 Rc4 26. Re2 Rfc8 27. a3
1/2-1/2